Normal view
MARC view
- English language
Entry Topical Term
001 - CONTROL NUMBER
- control field: 21925
003 - CONTROL NUMBER IDENTIFIER
- control field: NUST
005 - DATE AND TIME OF LATEST TRANSACTION
- control field: 20190928205908.0
008 - FIXED-LENGTH DATA ELEMENTS
- fixed length control field: 190928|| aca||aabn | a|a d
040 ## - CATALOGING SOURCE
- Original cataloging agency: NUST
- Transcribing agency: NUST
150 ## - HEADING--TOPICAL TERM
- Topical term or geographic name entry element: English language
- General subdivision: Rhetoric
- Form subdivision: Problems, exercises, etc.
670 ## - SOURCE DATA FOUND
- Source citation: Work cat.: (NUST)0: Winkler, Anthony C. 21923, Writing talk. Paragraphs and short essays with readings /, c2006.
